000 01382nam a2200325 i 4500
001 000007699
003 DO-SdBNP
005 20250219140248.0
007 ta
008 090907s19831985dr a r 000 0 spa d
040 _aDO-SdBNP
_bspa
_cBNPHU
_erda
082 4 _a303.34
_bG124L 1983
_222
100 1 _aGadea, Jorge A.
_eautor
_4aut.
_921355
245 1 4 _aLos líderes se hacen no nacen :
_bmanual práctico de entrenamiento de líderes /
_cJorge A. Gadea.
264 1 _aSanto Domingo :
_bInstituto de entrenamiento de lìderes,
_c1983-1985.
300 _a2 volúmenes :
_bilustraciones ;
_c21 cm.
336 _atexto
_btxt
_2rdacontent
337 _asin mediación
_bn
_2rdamedia
338 _avolumen
_bnc
_2rdacarrier
500 _aIncluye datos biográficos del autor en la contracubierta
500 _aLa biblioteca posee los volumenes 1, 2, 3, 4, 6 y 7
505 0 _av.1 Liderismo en acción --
_gv.2 Liderato por objetivos --
_gv. 3. Interacción del grupo --
_gv. 4. El grupo y la comunidad --
_gv. 5. Organización y procedimientos --
_gv. 6. Programas y actividades --
_gv. 7. Liderato inspirador.
590 _aInventariado, 2018/BT
650 4 _aLiderazgo
_9115
650 4 _aLiderazgo comunitario
_921356
650 4 _aEstructura organizacional
_921357
650 4 _aTécnicas administrativas
_91779
910 _aValidado. Control de calidad. MFF
942 _2ddc
_cLBS1
999 _c7478
_d7478